000 00606nam a2200229Ia 4500
003 OSt
005 20220928113605.0
006 a|||||r|||| 00| 0
007 ta
008 220927b |||||||| |||| 00| 0 eng d
024 _a40171
037 _cTextual
040 _aSDCL
_cSDCL
_beng
041 _2eng
_aeng
082 _aV2,1:1'K, L8
100 _aSrivastava M P
_9395386
245 0 _aPolicies of the great Mughals
260 _aAllahabad
_bChugh Publications
_c1978
300 _avii,214p
_ccm.
942 _hV2,1:1'K, L8
_cTEXL
_2CC
999 _c750359
_d750359